Spell the longest Welsh town name - Statistics

General Stats
  • This quiz has been taken 15 times
  • The average score is 46 of 51
Answer Stats
Answer % Correct
l
100%
a
92%
a
92%
a
92%
f
92%
g
92%
g
92%
g
92%
g
92%
g
92%
g
92%
g
92%
i
92%
i
92%
i
92%
n
92%
n
92%
n
92%
n
92%
o
92%
o
92%
o
92%
o
92%
o
92%
o
92%
p
92%
r
92%
r
92%
r
92%
r
92%
w
92%
w
92%
w
92%
w
92%
y
92%
y
92%
y
92%
y
92%
y
92%
b
83%
ch
83%
ch
83%
d
83%
e
83%
ll
83%
ll
83%
ll
83%
ll
83%
ll
83%
s
83%
t
83%
No matching quizzes found
Score Distribution
Percent of People with Each Score
Percentile by Number Answered
Your Score History
You have not taken this quiz